000 00298nam a22001337a 4500
008 171123b xxu||||| |||| 00| 0 eng d
020 _a9780321334886
041 _aeng
080 _a004
100 _a35
101 _aSHK
245 _aVISUAL STUDIO TOOLS FOR OFFICE
_cCARTER,E
942 _2udc
_cBK
999 _c38338
_d38338